000 00393nam a2200145Ia 4500
008 230917s9999||||xx |||||||||||||| ||und||
040 _e198787
_aMAIN
041 _aEnglish
082 _a954.5 M294P
100 _aMalhotra, Anshu
245 0 _aPunjab reconsidered: History, culture and practice
260 _aNew Delhi
_bOxford University Press
_c2012
300 _axv, 461 p.
942 _cBK
999 _c170657
_d170657